| 000 | 05012naa a2200541 4500 | ||
|---|---|---|---|
| 005 | 2009052804444.0 | ||
| 008 | 090528t xxu||||| |||| 00| 0 eng d | ||
| 010 | _aENG-93768 | ||
| 020 |
_a9788120336742 _c250.00 |
||
| 035 | _aEN-77301 | ||
| 035 | _aB-361179-197 | ||
| 037 | _bDBAD / PUB | ||
| 037 | _bAsian Book Centre | ||
| 040 |
_adpl _bEnglish |
||
| 082 | _a342.54 | ||
| 100 | _aSharma, Brij Kishore | ||
| 245 |
_aIntroduction to the constitution of India / _cby Brij Kishore Sharma |
||
| 250 | _a5th ed. | ||
| 260 |
_aNew Delhi _bPrentice Hall of India _c2009 |
||
| 270 |
_aM-97, Connaught Circus _bNew Delhi _e110 001 |
||
| 300 |
_axxxvi, 404 p. _c24cm(pbk) |
||
| 500 | _aincludes index | ||
| 650 |
_aConstitutional law _zIndia |
||
| 651 |
_aIndia _xConstitution |
||
| 651 |
_aIndia _xPolitics and government |
||
| 942 |
_adpl _cEN _2ddc _h342.54 _mSHA |
||
| 999 |
_c26877 _d26877 |
||